25 Największych miast w Niemczech Wschodnich na mapie - Statystyki

Ogólne statystyki
  • Ten quiz został rozwiązany 109 razy
  • Średni wynik to 12 z 25
Odpowiedzi na mapie
Odpowiedzi zakodowano w zielono-czerwonej skali na mapie do tego quizu, zgodnie z poniższymi procentami.
 
Statystyki odpowiedzi
Land Miasto Populacja % Poprawnych
Berlin Berlin 3,7 mln
100%
Saksonia Drezno 560 tys.
94%
Saksonia Lipsk 610 tys.
89%
Brandenburgia Poczdam 180 tys.
85%
Brandenburgia Frankfurt nad Odrą 55 tys.
73%
Meklemburgia-Pomorze Przednie Rostock 200 tys.
73%
Saksonia Gorlitz 55 tys.
68%
Brandenburgia Chociebuż 95 tys.
65%
Saksonia-Anhalt Magdeburg 240 tys.
65%
Turyngia Erfurt 210 tys.
57%
Saksonia Chemnitz 245 tys.
53%
Turyngia Jena 110 tys.
50%
Saksonia-Anhalt Halle 220 tys.
44%
Meklemburgia-Pomorze Przednie Schwerin 100 tys.
41%
Saksonia Zwickau 90 tys
36%
Brandenburgia Brandenburg 75 tys.
32%
Turyngia Gera 95 tys.
30%
Meklemburgia-Pomorze Przednie Stralsund 55 tys.
20%
Meklemburgia-Pomorze Przednie Neubrandenburg 60 tys.
19%
Meklemburgia-Pomorze Przednie Greifswald 55 tys.
17%
Brandenburgia Oranienburg 50 tys.
17%
Turyngia Weimar 65 tys.
15%
Saksonia Plauen 65 tys.
14%
Turyngia Gotha 45 tys.
9%
Saksonia-Anhalt Dessau-Roßlau 75 tys
8%
Nie znaleziono quizów pasujących do podanych kryteriów
Rozkład punktacji
Procent ludzi z każdym wynikiem
Percentyl według liczby udzielonych odpowiedzi
Twoja historia wyników
Nie rozwiązałeś tego quizu